[Event "AUTO-OPEN-1874"]
[Site "http://www.queenalice.com/game.php?id=729213"]
[Date "2010.2.10"]
[Round "1"]
[White "augustoluizheck"]
[Black "ichabod"]
[Result "0-1"]
[WhiteElo "1132"]
[BlackElo "1556"]

1. e4 e5 2. Nf3 Nc6 3. Bb5 a6 4. Ba4 b5 5. Bb3 Nf6 6. O-O Nxe4 7. Re1 Nc5 8.
Nxe5 Nxe5 9. Rxe5+ Be7 10. Bxf7+ Kxf7 11. Qf3+ Bf6 12. Rxc5 Re8 13. Kf1 Qe7 14.
Qe3 d6 15. Qxe7+ Rxe7 16. Rd5 Bb7 17. Rh5 Rae8 0-1

[Event "AUTO-OPEN-1874"]
[Site "http://www.queenalice.com/game.php?id=729214"]
[Date "2010.2.10"]
[Round "1"]
[White "ichabod"]
[Black "augustoluizheck"]
[Result "1-0"]
[WhiteElo "1558"]
[BlackElo "1128"]

1. e4 e5 2. Nf3 Nc6 3. c3 g6 4. d4 Bg7 5. d5 Nce7 6. c4 d6 7. Nc3 Bg4 8. h3 Bxf3
9. Qxf3 Nf6 10. Bg5 Neg8 11. g4 h6 12. Bxf6 Nxf6 13. h4 Qe7 14. Nb5 a6 15. g5
hxg5 16. hxg5 axb5 17. Rxh8+ Bxh8 18. gxf6 Bxf6 19. cxb5 Ra5 20. b4 Ra4 21. a3
Bg7 22. b6 f6 23. Bb5+ 1-0

[Event "AUTO-OPEN-1874"]
[Site "http://www.queenalice.com/game.php?id=729243"]
[Date "2010.2.10"]
[Round "1"]
[White "ichabod"]
[Black "bongo12"]
[Result "0-1"]
[WhiteElo "1556"]
[BlackElo "1631"]

1. d4 d5 2. Nf3 Nf6 3. Ne5 c6 4. g4 Bxg4 5. Nxg4 Nxg4 6. e4 Nf6 7. e5 Ne4 8. f3
e6 9. fxe4 Qh4+ 10. Kd2 Qxe4 11. Bd3 Qxd4 12. Re1 Qf4+ 13. Kc3 Qb4# 0-1

[Event "AUTO-OPEN-1874"]
[Site "http://www.queenalice.com/game.php?id=729244"]
[Date "2010.2.10"]
[Round "1"]
[White "bongo12"]
[Black "ichabod"]
[Result "0-1"]
[WhiteElo "1649"]
[BlackElo "1543"]

1. d4 d5 2. c4 dxc4 3. Nf3 e6 4. Nc3 c6 5. g3 Qa5 6. Bg2 Bb4 7. Qc2 f5 8. Ne5
Nf6 9. O-O Nd5 10. Nxc4 Qd8 11. e4 fxe4 12. Bxe4 h5 13. Bg6+ Ke7 14. Nxd5+ Qxd5
15. h4 Nd7 16. a3 Bd6 17. Bg5+ Nf6 18. Nxd6 Kxd6 19. a4 e5 20. dxe5+ Kc7 21.
Rad1 Qa5 22. exf6 gxf6 23. Bxf6 Bg4 24. Bxh8 Bxd1 25. Rxd1 Rxh8 26. Qc3 Qxa4 27.
Qg7+ Kb6 28. Rd7 c5 29. Rxb7+ Ka6 0-1

[Event "AUTO-OPEN-1874"]
[Site "http://www.queenalice.com/game.php?id=729245"]
[Date "2010.2.10"]
[Round "1"]
[White "ichabod"]
[Black "gedanix"]
[Result "0-1"]
[WhiteElo "1558"]
[BlackElo "2242"]

1. e4 e6 2. e5 c5 3. c4 Nc6 4. Nf3 Qc7 5. d4 Nge7 6. dxc5 Nxe5 7. Bf4 N7g6 8.
Nxe5 Nxf4 9. Qd4 d6 10. cxd6 Bxd6 11. Nf3 e5 12. Qe4 Qb6 13. Nxe5 O-O 14. b3 Re8
15. Qxf4 Bxe5 16. Qe4 Bc3+ 17. Nxc3 Rxe4+ 18. Nxe4 Qd4 19. Rd1 Qxe4+ 20. Be2 Bf5
21. f3 Qe3 22. g4 Re8 23. Kf1 Qxe2+ 24. Kg1 Qxd1+ 25. Kg2 Re2+ 26. Kg3 Qxh1 27.
gxf5 f6 28. a4 Qg2+ 29. Kf4 Qg5# 0-1

[Event "AUTO-OPEN-1874"]
[Site "http://www.queenalice.com/game.php?id=729246"]
[Date "2010.2.10"]
[Round "1"]
[White "gedanix"]
[Black "ichabod"]
[Result "1-0"]
[WhiteElo "2241"]
[BlackElo "1560"]

1. e4 e5 2. Nf3 Nc6 3. Bb5 a6 4. Bxc6 bxc6 5. d4 d5 6. Nxe5 Qd6 7. Qf3 f6 8.
Qh5+ Ke7 9. Qf7+ Kd8 10. Nxc6+ Qxc6 11. Qxf8+ Qe8 12. Qxg7 Ne7 13. Qxf6 dxe4 14.
Nc3 Qf8 15. Qxf8+ Rxf8 16. Nxe4 Nd5 17. O-O Bf5 18. Bg5+ Ne7 19. Rae1 Rb8 20.
Ng3 Bxc2 21. Bxe7+ Ke8 22. Bxf8+ Kxf8 23. Re6 Bd3 24. Rfe1 Rxb2 25. Rf6+ Kg7 26.
Nh5+ Kg8 27. Re8# 1-0

[Event "AUTO-INT-1812"]
[Site "http://www.queenalice.com/game.php?id=829352"]
[Date "2010.9.7"]
[Round "1"]
[White "BigRezi"]
[Black "ichabod"]
[Result "0-1"]
[WhiteElo "1423"]
[BlackElo "1599"]

1. e4 e5 2. Nf3 Nc6 3. Bb5 Nd4 4. Nxd4 exd4 5. d3 c6 6. Bc4 d5 7. exd5 cxd5 8.
Qe2+ Ne7 9. Bb3 h5 10. Bg5 f6 11. Bd2 g5 12. Bb4 a5 13. Bxe7 Bxe7 14. O-O a4 15.
Bxd5 Qxd5 16. Re1 Rh7 17. Nd2 Kf8 18. Nc4 Ra6 19. f3 b5 20. Nd2 Re6 21. Qf2
Rxe1+ 22. Qxe1 Qe6 23. Qf2 Qe3 24. Re1 Qxf2+ 25. Kxf2 Bb4 26. Re2 Re7 27. Ne4 f5
28. Nxg5 Rxe2+ 29. Kxe2 Be7 30. f4 Kg7 31. Nf3 Bc5 32. b3 axb3 33. axb3 Bb7 34.
h4 Kf6 35. g3 Bxf3+ 36. Kxf3 Ke6 37. Ke2 Kd5 38. Kd2 Ba3 39. Ke2 Kc5 40. Kd2 Kb4
41. g4 fxg4 42. f5 g3 43. Ke2 Kc3 44. f6 g2 45. Kf2 Kxc2 46. Kxg2 Kxd3 47. Kf3
Kc2 48. f7 d3 0-1

[Event "AUTO-INT-1812"]
[Site "http://www.queenalice.com/game.php?id=829353"]
[Date "2010.9.7"]
[Round "1"]
[White "ichabod"]
[Black "BigRezi"]
[Result "1-0"]
[WhiteElo "1590"]
[BlackElo "1411"]

1. e4 c5 2. c4 g6 3. e5 e6 4. f4 Nc6 5. Nf3 Nge7 6. g4 d5 7. d4 Bg7 8. dxc5 Qa5+
9. Bd2 Qxc5 10. cxd5 Nxd5 11. Nc3 Nce7 12. Nb5 O-O 13. Nd6 a6 14. Rc1 Qb6 15. b3
Bd7 16. a4 Nc6 17. h4 f5 18. g5 Rab8 19. h5 Rfd8 20. h6 Bf8 21. Nc4 Qa7 22. a5
Ncb4 23. Nd6 Bxd6 24. exd6 b5 25. Ne5 Qb7 26. Bg2 Rbc8 27. Bxb4 Rxc1 28. Qxc1
Nxb4 29. Bxb7 1-0

[Event "AUTO-INT-1812"]
[Site "http://www.queenalice.com/game.php?id=829364"]
[Date "2010.9.7"]
[Round "1"]
[White "JungJoe"]
[Black "ichabod"]
[Result "1-0"]
[WhiteElo "1352"]
[BlackElo "1580"]

1. Nf3 Nf6 2. g3 Ng4 3. c4 c5 4. d3 e5 5. Bh3 h5 6. Nc3 Nc6 7. Nd5 f5 8. Bg5 Be7
9. Nxe7 Nxe7 10. Bxg4 hxg4 11. Nh4 Qa5+ 12. Qd2 Qxd2+ 13. Kxd2 Rh5 14. Be3 g5
15. Ng2 f4 16. Bxc5 fxg3 17. hxg3 Rxh1 18. Rxh1 Nf5 19. Rh5 b6 20. Ba3 Bb7 21.
Ne3 Nxe3 22. Kxe3 O-O-O 23. Bd6 e4 24. Rxg5 exd3 25. Kxd3 Bg2 26. Rxg4 Bf1 27.
f4 Re8 28. Rg5 Bxe2+ 29. Kd4 Re6 30. c5 b5 31. f5 Rf6 32. b3 a5 33. Be5 Rf7 34.
Rg8+ Kb7 35. Rb8+ Kc6 36. Rb6# 1-0

[Event "AUTO-INT-1812"]
[Site "http://www.queenalice.com/game.php?id=829365"]
[Date "2010.9.7"]
[Round "1"]
[White "ichabod"]
[Black "JungJoe"]
[Result "1-0"]
[WhiteElo "1580"]
[BlackElo "1436"]

1. d4 Nf6 2. d5 d6 3. c4 g6 4. Nc3 Bg7 5. f4 O-O 6. e4 c6 7. f5 Nbd7 8. Nf3 Nc5
9. Ng5 h6 10. b4 Nfxe4 11. Ngxe4 Nxe4 12. Nxe4 Bxa1 13. Bxh6 Bg7 14. Bxg7 Kxg7
15. dxc6 bxc6 16. Qd4+ f6 17. fxg6 Be6 18. Ng5 Qd7 19. Bd3 Bf5 20. Qh4 Rh8 21.
Nh7 Kxg6 22. Bxf5+ Qxf5 23. Rf1 Qb1+ 24. Kf2 Qb2+ 25. Kg1 Rxh7 26. Qe4+ Kf7 27.
Qxh7+ Ke6 28. Re1+ Qe5 29. Rxe5+ dxe5 30. h4 Rd8 31. Qe4 Rd1+ 32. Kh2 Rd4 33.
Qxc6+ Kf5 34. h5 Rh4+ 35. Kg3 Rxh5 36. Qf3+ Ke6 37. Qxh5 f5 38. Qg6+ Kd7 39.
Qxf5+ e6 40. Qxe5 a5 41. Qxa5 e5 42. Qxe5 Kc8 43. c5 Kd8 44. c6 Kc8 45. Qe8+ Kc7
46. Qd7+ Kb6 47. Qb7# 1-0

[Event "AUTO-INT-1812"]
[Site "http://www.queenalice.com/game.php?id=897417"]
[Date "2011.2.7"]
[Round "2"]
[White "GM_Westerley_1993"]
[Black "ichabod"]
[Result "1-0"]
[WhiteElo "1941"]
[BlackElo "1608"]

1. e4 e5 2. Nf3 Nc6 3. Bb5 a6 4. Bxc6 dxc6 5. Nc3 Bd6 6. d4 f6 7. dxe5 fxe5 8.
Bg5 Nf6 9. Qd2 h6 10. Be3 g5 11. O-O-O b5 12. Bc5 O-O 13. Bxd6 cxd6 14. Qxd6
Qxd6 15. Rxd6 b4 16. Nd1 Bb7 17. Nxe5 c5 18. f3 h5 19. Ne3 g4 20. Nf5 Rad8 21.
Rhd1 Rxd6 22. Rxd6 gxf3 23. gxf3 Bxe4 24. fxe4 Nxe4 25. Rg6+ Kh7 26. Rg7+ Kh8
27. Ng6# 1-0

[Event "AUTO-INT-1812"]
[Site "http://www.queenalice.com/game.php?id=897418"]
[Date "2011.2.7"]
[Round "2"]
[White "ichabod"]
[Black "GM_Westerley_1993"]
[Result "0-1"]
[WhiteElo "1605"]
[BlackElo "1976"]

1. d4 Nf6 2. d5 d6 3. c4 g6 4. f4 Bg7 5. b4 Ng4 6. h3 Bxa1 7. hxg4 Bxg4 8. Qb3
Bg7 9. Bb2 f6 10. e3 Nd7 11. Be2 Bxe2 12. Nxe2 c5 13. dxc6 bxc6 14. g4 c5 15. g5
cxb4 16. Qxb4 Rb8 17. Qc3 Nc5 18. O-O Na4 19. Qd4 Rxb2 20. Qxa7 Rxe2 21. Qxa4+
Qd7 22. Qxd7+ Kxd7 23. Rf3 Rxa2 24. Nc3 Rc2 25. gxf6 Bxf6 26. e4 Bxc3 27. Rf1
Ra8 28. f5 Raa2 29. fxg6 Rg2+ 30. Kh1 Rh2+ 31. Kg1 Rag2# 0-1

[Event "AUTO-INT-1812"]
[Site "http://www.queenalice.com/game.php?id=897421"]
[Date "2011.2.7"]
[Round "2"]
[White "Reddaz"]
[Black "ichabod"]
[Result "0-1"]
[WhiteElo "1618"]
[BlackElo "1630"]

1. e4 e5 2. Nf3 Nc6 3. Bb5 a6 4. Bxc6 bxc6 5. d3 d6 6. O-O c5 7. Be3 Nf6 8. h3
h6 9. Nbd2 g5 10. c3 g4 11. hxg4 Nxg4 12. Qe2 Rg8 13. d4 Nxe3 14. Qxe3 Bh3 15.
Ne1 Bg4 16. Nc4 cxd4 17. cxd4 exd4 18. Qxd4 Be2 19. Nd3 Bxf1 20. Rxf1 h5 21. Nf4
Qg5 22. Qe3 h4 23. Qf3 Qg4 24. Qxg4 Rxg4 25. Nd5 O-O-O 26. Nf6 Rf4 27. Nd5 Rxe4
28. b3 c6 29. Ndb6+ Kc7 30. Rc1 d5 0-1

[Event "AUTO-INT-1812"]
[Site "http://www.queenalice.com/game.php?id=897422"]
[Date "2011.2.7"]
[Round "2"]
[White "ichabod"]
[Black "Reddaz"]
[Result "1-0"]
[WhiteElo "1642"]
[BlackElo "1581"]

1. d4 d5 2. Nc3 e6 3. Nf3 c5 4. Bg5 Nf6 5. b3 Nc6 6. e3 Be7 7. Bb5 Qa5 8. Qd3
Bd7 9. O-O O-O 10. a3 a6 11. Bxc6 Bxc6 12. b4 Qb6 13. dxc5 Qc7 14. g3 h6 15. Bf4
Qd7 16. a4 b5 17. a5 Rad8 18. h4 Ng4 19. Ne5 Nxe5 20. Bxe5 f6 21. Bf4 e5 22.
Bxh6 gxh6 23. Qg6+ Kh8 24. Qxh6+ Kg8 25. Qg6+ Kh8 26. g4 f5 27. f4 d4 28. Rad1
fxg4 29. fxe5 Rxf1+ 30. Kxf1 Rf8+ 31. Kg1 1-0

[Event "AUTO-INT-1812"]
[Site "http://www.queenalice.com/game.php?id=897425"]
[Date "2011.2.7"]
[Round "2"]
[White "ichabod"]
[Black "JungJoe"]
[Result "0-1"]
[WhiteElo "1646"]
[BlackElo "1934"]

1. e4 c6 2. e5 e6 3. d4 d6 4. f4 d5 5. c4 Ne7 6. c5 g6 7. Nf3 Bh6 8. Nc3 b6 9.
b4 Ba6 10. b5 Bxb5 11. Bxb5 cxb5 12. Nxb5 O-O 13. g4 bxc5 14. g5 Qa5+ 15. Qd2
Qxb5 16. Ba3 Bg7 17. Bxc5 Nbc6 18. Qe2 a6 19. Qxb5 axb5 20. O-O Rfb8 21. Ne1 Nf5
22. Nc2 b4 23. Rfb1 b3 24. axb3 Bf8 25. b4 Bxc5 26. Rxa8 Rxa8 27. dxc5 d4 28. b5
Rb8 29. b6 d3 30. Na3 Kf8 31. Nc4 Rd8 32. Nd6 Nxd6 33. cxd6 Ke8 34. Kf1 Kd7 35.
b7 Nb8 36. Ke1 Kc6 37. Kd2 Rd7 38. Kxd3 Rxb7 39. Rxb7 Kxb7 40. Ke3 Nd7 41. h4
Kc8 42. Kf3 Kd8 43. Kg4 Ke8 44. h5 Kf8 45. h6 Ke8 46. Kf3 Kd8 47. Ke4 Ke8 48.
Kd4 Kd8 49. Kc4 Ke8 50. Kb5 Kd8 51. Kc6 Kc8 52. Kb5 Kb7 53. Ka5 Nc5 54. Kb5 Nd3
55. Kc4 Nxf4 56. Kd4 Nh3 57. Ke4 Nxg5+ 58. Kf4 Nh3+ 59. Kg3 Ng5 60. Kg4 Ne4 61.
Kf4 Nc5 62. Kg5 Kc6 63. Kf6 Nd7+ 64. Kxf7 g5 65. Kxe6 g4 66. Ke7 Nxe5 67. Kf6
Nd7+ 68. Kg7 g3 69. Kxh7 g2 70. Kh8 g1=Q 71. h7 Qd4+ 72. Kg8 Nf6+ 73. Kg7 Nxh7+
74. Kxh7 Qf6 75. Kg8 Kxd6 0-1

[Event "AUTO-INT-1812"]
[Site "http://www.queenalice.com/game.php?id=897426"]
[Date "2011.2.7"]
[Round "2"]
[White "JungJoe"]
[Black "ichabod"]
[Result "0-1"]
[WhiteElo "1884"]
[BlackElo "1603"]

1. d4 d5 2. c4 dxc4 3. Nc3 Nf6 4. e4 Bg4 5. f3 e5 6. Bxc4 exd4 7. fxg4 dxc3 8.
Bxf7+ Ke7 9. Qb3 Qd6 10. Bf4 Qxf4 11. Qe6+ Kd8 12. Rd1+ Bd6 13. Ne2 Qxe4 14.
Qxe4 Nxe4 15. bxc3 Rf8 16. O-O Nf6 17. Bc4 Nxg4 18. Rxf8+ Ke7 19. Rdf1 Bxh2+ 20.
Kh1 Be5 21. R1f7+ Kd6 22. Rd8+ Kc5 23. Be6 Bf6 24. Rd5+ Kc6 25. Bxg4 Kxd5 26.
Bf3+ Ke6 27. Rxc7 Na6 28. Bg4+ Ke5 29. Rxb7 Rd8 30. Nd4 Kf4 31. Ne6+ Kxg4 32.
Nxd8 Bxc3 33. Rxg7+ Bxg7 34. Nc6 h5 35. Ne7 Bf8 36. Nd5 Ba3 37. Kh2 Bd6+ 38. Kg1
Nb4 39. Nf6+ Kh4 40. a3 a5 41. axb4 axb4 42. Ne4 b3 43. Nc3 b2 44. Kf2 Be5 45.
Nb1 Kg4 46. Kg1 Bd4+ 47. Kh2 h4 48. Nd2 Be3 49. Nb1 Bf4+ 50. Kg1 Kf5 51. Kf2 Ke4
52. Ke1 Ke3 53. Nc3 Kd3 54. Nb1 Kc2 55. Na3+ Kc1 56. Kf2 b1=N 57. Nxb1 Kxb1 58.
Ke2 Kc2 59. Kf3 Bg3 60. Ke2 Kc3 61. Ke3 Kc4 62. Ke4 Kc5 63. Ke3 Kd5 64. Kf3 Ke5
65. Kg4 Ke4 66. Kh3 Ke3 67. Kg4 Kf2 0-1

[Event "AUTO-ADV-2576"]
[Site "http://www.queenalice.com/game.php?id=1087225"]
[Date "2012.7.27"]
[Round "1"]
[White "thw"]
[Black "ichabod"]
[Result "1-0"]
[WhiteElo "1973"]
[BlackElo "1645"]

1. e4 Nf6 2. e5 Ne4 3. Bc4 e6 4. d3 d5 5. Bb3 Nc5 6. c3 Nc6 7. d4 Nxb3 8. Qxb3
Na5 9. Qc2 c6 10. f4 Qh4+ 11. g3 Qg4 12. Nd2 b5 13. b4 Nc4 14. Nxc4 bxc4 15. Qa4
Bd7 16. Qa5 Qf5 17. Ne2 Qe4 18. Rg1 Be7 19. Qc7 Qc2 20. Qa5 O-O 21. Rf1 1-0

[Event "AUTO-ADV-2576"]
[Site "http://www.queenalice.com/game.php?id=1087226"]
[Date "2012.7.27"]
[Round "1"]
[White "ichabod"]
[Black "thw"]
[Result "0-1"]
[WhiteElo "1648"]
[BlackElo "1970"]

1. d4 e6 2. d5 exd5 3. Qxd5 Nf6 4. Qe5+ Be7 5. Nf3 Nc6 6. Qg5 O-O 7. e4 Nxe4 8.
Qg4 d5 9. Qh5 Bf6 10. Nc3 Nxc3 11. Bg5 Re8+ 12. Kd2 Ne4+ 13. Kc1 Bxg5+ 14. Nxg5
Qxg5+ 15. Qxg5 Nxg5 16. Bb5 Bd7 17. Kd2 Ne4+ 18. Kc1 a6 19. Bxc6 Bxc6 20. f3 Nf6
0-1

[Event "AUTO-ADV-2576"]
[Site "http://www.queenalice.com/game.php?id=1087241"]
[Date "2012.7.27"]
[Round "1"]
[White "ichabod"]
[Black "pergaminos"]
[Result "0-1"]
[WhiteElo "1633"]
[BlackElo "1816"]

1. d4 d5 2. Nc3 Nf6 3. Nf3 c6 4. e3 Bg4 5. h3 Bh5 6. g4 Bg6 7. Ne5 Ne4 8. Nxg6
Nxc3 9. bxc3 fxg6 10. Ba3 b6 11. g5 e6 12. h4 Bxa3 13. Bh3 Qe7 14. Qg4 Na6 0-1

[Event "AUTO-ADV-2576"]
[Site "http://www.queenalice.com/game.php?id=1087242"]
[Date "2012.7.27"]
[Round "1"]
[White "pergaminos"]
[Black "ichabod"]
[Result "1-0"]
[WhiteElo "1807"]
[BlackElo "1642"]

1. d4 d5 2. Nc3 Nc6 3. Bf4 Nf6 4. e3 h6 5. Bb5 a6 6. Bd3 Nb4 7. Nge2 Nh5 8. O-O
Bg4 9. f3 Be6 10. a3 g5 11. Be5 f6 12. Bg3 Nxg3 13. Nxg3 1-0

[Event "AUTO-ADV-2576"]
[Site "http://www.queenalice.com/game.php?id=1087243"]
[Date "2012.7.27"]
[Round "1"]
[White "ichabod"]
[Black "Rubens2009"]
[Result "0-1"]
[WhiteElo "1656"]
[BlackElo "1942"]

1. d4 d5 2. Nc3 g6 3. e4 c6 4. e5 f6 5. f4 Nh6 6. Nf3 Bg7 7. h3 Nf5 8. g4 Ng3 9.
Rg1 Nxf1 10. Rxf1 Na6 11. a3 Be6 12. b4 O-O 13. Qd3 fxe5 14. Nxe5 Qd6 15. f5
gxf5 16. gxf5 Bxe5 17. fxe6 Bg3+ 18. Ke2 Qxe6+ 19. Kd1 Qxh3 20. Bg5 Rxf1+ 21.
Kd2 Rxa1 22. Bxe7 Be1+ 23. Ke2 Qg2+ 24. Ke3 Qf2# 0-1

[Event "AUTO-ADV-2576"]
[Site "http://www.queenalice.com/game.php?id=1087244"]
[Date "2012.7.27"]
[Round "1"]
[White "Rubens2009"]
[Black "ichabod"]
[Result "1-0"]
[WhiteElo "1966"]
[BlackElo "1651"]

1. e4 e5 2. Nf3 Nc6 3. Bc4 Nf6 4. Ng5 Nxe4 5. Nxe4 d5 6. Bb3 dxe4 7. O-O f5 8.
Nc3 g5 9. Qh5+ Kd7 10. Qf7+ Kd6 11. Nb5+ Kc5 12. Qc4+ Kb6 13. d3 Nd4 14. Be3 f4
15. Bxd4+ exd4 16. Nxd4 c5 17. Qb5+ Kc7 18. Qa5+ b6 19. Nb5+ Kb7 20. Qa4 a6 21.
Qxe4+ Kb8 22. Qe5+ Bd6 23. Nxd6 Rf8 24. Nb5+ Kb7 25. Bd5+ Qxd5 26. Qc7# 1-0